000 00358nam a2200145Ia 4500
008 151213s9999 xx 000 0 und d
100 _aJohn Loftis
245 _aRestoration Drama
_cJohn Loftis
260 _aNew York
_bOxford University Press
_c1966
300 _a4510 p.
650 _aCritics
650 _aEnglish
700 _aJohn Loftis
999 _c2885
_d2885